Asbestos: the hidden danger (Record no. 71937)

MARC details
000 -LEADER
fixed length control field 01718cam a2200217 4500
001 - CONTROL NUMBER
control field ABS66320
008 - FIXED-LENGTH DATA ELEMENTS--GENERAL INFORMATION
fixed length control field 030120n2003 000 0 eng u
035 ## - SYSTEM CONTROL NUMBER
System control number (Sirsi) u121068
100 ## - MAIN ENTRY--PERSONAL NAME
Personal name Buck, P.
245 ## - TITLE STATEMENT
Title Asbestos: the hidden danger
260 ## - PUBLICATION, DISTRIBUTION, ETC.
Date of publication, distribution, etc. 2003
490 ## - SERIES STATEMENT
Series statement Building Services Journal
Volume/sequential designation 25(1) January 2003, 23(1)
520 ## - SUMMARY, ETC.
Summary, etc. Outlines what the new legislation demands are for those with a responsibility to manage the risk of asbestos related exposure. Highlights that a large proportion of asbestos related deaths occur in the building industry. Reports that the Control of Asbestos at Work Regulations 2002 came into force on 21 November 2002 and, as well as imposing obligations on employers as to the management of asbestos risk in relation to their employees, the regulations impose a new 'duty to manage' asbestos risk in commercial premises on all those who have responsibility for the repair or maintenence of, or to any extent control, those premises or any means of access to them. The duty to manage comes into force on 21 May 2004, and this report adds to the campaign to create awareness of these coming regulations, by defining the new role and explaining its implications. Gives details of a new HSE approved code of practice to reinforce the regulations and provide guidance to designated duty holders. More information is available from www.hse.gov.uk/asbestos.
590 ## - LOCAL NOTE (RLIN)
Local note ABS
650 ## - SUBJECT ADDED ENTRY--TOPICAL TERM
Topical term or geographic name entry element MANAGEMENT-HEALTH AND SAFETY-HAZARDOUS SUBSTANCES-ASBESTOS
650 ## - SUBJECT ADDED ENTRY--TOPICAL TERM
Topical term or geographic name entry element CONTROL OF ASBESTOS AT WORK REGULATIONS 2002
650 ## - SUBJECT ADDED ENTRY--TOPICAL TERM
Topical term or geographic name entry element HSE APPROVED CODE OF PRACTICE L28
650 ## - SUBJECT ADDED ENTRY--TOPICAL TERM
Topical term or geographic name entry element HSE APPROVED CODE OF PRACTICE L127
690 ## - LOCAL SUBJECT ADDED ENTRY--TOPICAL TERM (OCLC, RLIN)
Topical term or geographic name as entry element BUILT ENVIRONMENT-BUILDING STANDARDS
942 ## - ADDED ENTRY ELEMENTS (KOHA)
Suppress in OPAC 0
Holdings
Withdrawn status Lost status Source of classification or shelving scheme Damaged status Not for loan Home library Current library Shelving location Date acquired Total Checkouts Full call number Barcode Date last seen Copy number Price effective from Koha item type
    Dewey Decimal Classification     London London Journal article 20/01/2003   ABS66320 121068-1001 06/08/2019 1 06/08/2019 Journal article